Bibliography of the geology and mineral resources of Arizona, (Record no. 27548)
[ view plain ]
| 000 -LEADER | |
|---|---|
| fixed length control field | 01250cam a22003011 4500 |
| 001 - CONTROL NUMBER | |
| control field | gs 39000167 |
| 003 - CONTROL NUMBER IDENTIFIER | |
| control field | DLC |
| 005 - DATE AND TIME OF LATEST TRANSACTION | |
| control field | 20260227111344.0 |
| 008 - FIXED-LENGTH DATA ELEMENTS--GENERAL INFORMATION | |
| fixed length control field | 760220s1939 azua b s000 0 eng |
| 010 ## - LIBRARY OF CONGRESS CONTROL NUMBER | |
| LC control number | gs 39000167 |
| 035 ## - SYSTEM CONTROL NUMBER | |
| System control number | (OCoLC)2003944 |
| 040 ## - CATALOGING SOURCE | |
| Original cataloging agency | DLC |
| Transcribing agency | AzFU |
| Modifying agency | OCoLC |
| -- | DLC |
| 042 ## - AUTHENTICATION CODE | |
| Authentication code | premarc |
| 050 00 - LIBRARY OF CONGRESS CALL NUMBER | |
| Classification number | TN24.A6 |
| Item number | A35 no. 146 |
| 086 0# - GOVERNMENT DOCUMENT CLASSIFICATION NUMBER | |
| Classification number | MN 1.3:B 85/146 |
| Number source | azdocs |
| 100 1# - MAIN ENTRY--PERSONAL NAME | |
| Personal name | Wilson, Eldred Dewey, |
| Dates associated with a name | 1898-1965. |
| 245 10 - TITLE STATEMENT | |
| Title | Bibliography of the geology and mineral resources of Arizona, |
| Statement of responsibility, etc. | by Eldred D. Wilson. |
| 260 ## - PUBLICATION, DISTRIBUTION, ETC. | |
| Place of publication, distribution, etc. | Tucson, Ariz., |
| Name of publisher, distributor, etc. | University of Arizona |
| Date of publication, distribution, etc. | [1939] |
| 300 ## - PHYSICAL DESCRIPTION | |
| Extent | 164 p. : |
| Other physical details | illus. (map) ; |
| Dimensions | 23 cm. |
| 490 1# - SERIES STATEMENT | |
| Series statement | Arizona. Bureau of mines. Bulletin |
| Volume/sequential designation | no. 146. ; Geology ser. no. 13 |
| 500 ## - GENERAL NOTE | |
| General note | At head of title: University of Arizona bulletin. Arizona Bureau of mines. |
| 500 ## - GENERAL NOTE | |
| General note | University of Arizona bulletin, vol. X, no. 2, April 1, 1939. |
| 650 #0 - SUBJECT ADDED ENTRY--TOPICAL TERM | |
| Topical term or geographic name entry element | Geology |
| Geographic subdivision | Arizona |
| Form subdivision | Bibliography. |
| 650 #0 - SUBJECT ADDED ENTRY--TOPICAL TERM | |
| Topical term or geographic name entry element | Mines and mineral resources |
| Geographic subdivision | Arizona |
| Form subdivision | Bibliography. |
| 810 2# - SERIES ADDED ENTRY--CORPORATE NAME | |
| Corporate name or jurisdiction name as entry element | University of Arizona. |
| Subordinate unit | State Bureau of Mines. |
| Title of a work | Bulletin ; |
| Volume/sequential designation | no. 146. |
| 810 2# - SERIES ADDED ENTRY--CORPORATE NAME | |
| Corporate name or jurisdiction name as entry element | University of Arizona. |
| Subordinate unit | State Bureau of Mines. |
| Title of a work | Geological series ; |
| Volume/sequential designation | no. 13. |
| 830 #0 - SERIES ADDED ENTRY--UNIFORM TITLE | |
| Uniform title | Bulletin (University of Arizona) ; |
| Volume/sequential designation | v. 10, no. 2. |
No items available.